LEADER 00994nam a2200181 i 4500 001 000000215076 003 CaOOAMICUS 005 20200507143755.0 008 120813s1908 it u000 u ger u 013 $a193948 040 $aSeMil$bita 245 14$a21: Wandalbert-Zwingli ; 5 nachträgliche Artikel [Preußen, kirchlich-statistisches ; Säkularisation ; Scheidungsrecht ; Sequenzen ; Theologie]. 300 $a928 p. 773 0 $tRealencyklopädie für protestantische Theologie und Kirche.$b3., verb. und verm. Aufl. / unter Mitwirkung vieler Theologen und anderer Gelehrten hrsg. von Albert Hauck.$dLeipzig : Hinrichs'sche Buchhandlung, 1896-1913.$g21$w()27218 850 $aSeMil 852 $aSeMil$W1$xVenegono$y1$m1ZG III 21 FA$j165497$B165497$CSeMilBibl$Z2$F176477 $8I 996 $6245$a21: Wandalbert-Zwingli ; 5 nachträgliche Artikel [Preußen, kirchlich-statistisches ; Säkularisation ; Scheidungsrecht ; Sequenzen ; Theologie]$9(OLS)http://semarc/title/309787 LEADER 00799nam a2200205 i 4500 001 000000088041 003 CaOOAMICUS 005 20180830150027.0 008 180830s1971 xx u000 u und u 013 $a60281 040 $aSeMil$bita 100 1 $aValori, Paolo,$c.$0(OLS)http://semarc/name/15669 245 10$aLezioni di filosofia morale. 260 $aLuogo non identificato :$bUniversità Gregoriana,$c1971. 300 $a88 p. 650 4$aEtica filosofica.$0(OLS)http://semarc/subject/2011 850 $aSeMil 852 $aSeMil$W1$xVenegono$y1$m114 66 *$j51414$B51414$CSeMilBibl$Z2$F55640 $81 996 $6245$aLezioni di filosofia morale$9(OLS)http://semarc/title/133997 996 $6260$aLuogo non identificato :$bUniversità Gregoriana$9(OLS)http://semarc/publisher/43504